[Event "Eastern Asia-ch U20 Girls"]
[Site "Batangas"]
[Date "2019.12.12"]
[Round "5"]
[White "Chandra, Vania Vindy"]
[Black "Racasa, Antonella Berthe"]
[Result "1/2-1/2"]
[WhiteElo "1830"]
[BlackElo "1572"]
[PlyCount "72"]
[EventDate "2019.12.10"]
[EventType "swiss"]
[EventRounds "9"]
[EventCountry "PHI"]
[SourceTitle "CBM 193 Extra"]
[Source "ChessBase"]
[SourceDate "2020.01.31"]
[SourceVersion "1"]
[SourceVersionDate "2020.01.31"]
[SourceQuality "1"]

1. d4 g6 2. c4 Bg7 3. Nc3 c5 4. d5 Bxc3+ 5. bxc3 f5 6. Nf3 Nf6 7. h4 Qa5 8. Qc2 d6 9. e3 Bd7 10. Bd3 Ba4 11. Qb2 Nbd7 12. Bd2 0-0-0 13. Rb1 b6 14. 0-0 h6 15. Bc2 Ne5 16. Nxe5 dxe5 17. f3 Bd7 18. e4 f4 19. Bxf4 exf4 20. e5 Nh5 21. Bxg6 Ng3 22. Rfe1 Rhg8 23. Bf7 Rg7 24. e6 Ba4 25. Qd2 h5 26. Rbc1 b5 27. d6 Rxd6 28. Qxf4 Qc7 29. Qe5 Nf5 30. Re2 Rd1+ 31. Rxd1 Bxd1 32. Qd5 Bxe2 33. Qa8+ Qb8 34. Qc6+ Qc7 35. Qa8+ Qb8 36. Qc6+ Qc7 1/2-1/2

[Event "Eastern Asia-ch U20 Girls"]
[Site "Batangas"]
[Date "2019.12.10"]
[Round "1"]
[White "Nguyen, Thi Minh Oanh"]
[Black "Racasa, Antonella Berthe"]
[Result "1-0"]
[WhiteElo "1850"]
[BlackElo "1572"]
[PlyCount "87"]
[EventDate "2019.12.10"]
[EventType "swiss"]
[EventRounds "9"]
[EventCountry "PHI"]
[SourceTitle "CBM 193 Extra"]
[Source "ChessBase"]
[SourceDate "2020.01.31"]
[SourceVersion "1"]
[SourceVersionDate "2020.01.31"]
[SourceQuality "1"]

1. d4 g6 2. Nf3 Bg7 3. e3 d6 4. c4 c5 5. Nc3 cxd4 6. exd4 Nf6 7. Be2 0-0 8. 0-0 Nbd7 9. Bg5 h6 10. Bxf6 Nxf6 11. Qb3 b6 12. Rfd1 Ba6 13. Nb5 Qd7 14. a4 Nh5 15. Bf1 Bb7 16. d5 Kh7 17. Rd2 Nf6 18. Re1 Qd8 19. Nbd4 Nd7 20. Qd1 Rc8 21. b3 a6 22. Qb1 Ne5 23. Re4 Qd7 24. Bd3 Nxf3+ 25. Nxf3 e6 26. Re3 exd5 27. cxd5 Rc5 28. Bf1 b5 29. axb5 axb5 30. Qe4 Bf6 31. Rd1 Rfc8 32. b4 Rc3 33. Ree1 Ba8 34. Nd4 Bxd4 35. Qxd4 R3c7 36. Ra1 Qf5 37. Red1 Re7 38. Ra5 Re4 39. Qd2 Re5 40. Rxb5 Rc2 41. Qd4 Re4 42. Qa7 Re8 43. h3 Rec8 44. Bd3 1-0

[Event "Thailand Pattaya U12 op 2nd"]
[Site "Pattaya"]
[Date "2019.10.23"]
[Round "9"]
[White "Racasa, Antonella Berthe"]
[Black "Cantomayor, Adrian Klein"]
[Result "1-0"]
[WhiteElo "1514"]
[BlackElo "1309"]
[PlyCount "87"]
[EventDate "2019.10.19"]
[EventType "swiss"]
[EventRounds "9"]
[EventCountry "THA"]
[SourceTitle "CBM 193 Extra"]
[Source "ChessBase"]
[SourceDate "2020.01.31"]
[SourceVersion "1"]
[SourceVersionDate "2020.01.31"]
[SourceQuality "1"]

1. c4 c6 2. Nc3 Nf6 3. Nf3 d5 4. e3 e6 5. b3 Nbd7 6. Be2 Bd6 7. 0-0 0-0 8. d4 b6 9. Bb2 Bb7 10. Rc1 Rc8 11. Bd3 c5 12. Nb5 Bb8 13. Ne5 Qe7 14. f4 dxc4 15. bxc4 Ne4 16. Qc2 Ndf6 17. Nc3 Nxc3 18. Bxc3 cxd4 19. exd4 g6 20. Qb2 Ne4 21. Bb4 Bd6 22. Bxd6 Qxd6 23. Rfe1 f5 24. Re2 Rfd8 25. Bxe4 Bxe4 26. Rd2 Qe7 27. Rcd1 Qh4 28. Rf1 Qe7 29. Rfd1 Qc7 30. Qb3 Rd6 31. Qe3 Rcd8 32. h3 Qe7 33. Kh2 Kg7 34. c5 bxc5 35. dxc5 Rxd2 36. Rxd2 Rxd2 37. Qxd2 Qc7 38. Qd4 Kg8 39. a4 Bd5 40. a5 Kf8 41. a6 Ke7 42. c6 Qc8 43. Qxa7+ Kd8 44. Nf7+ 1-0

[Event "Wch U12 Girls"]
[Site "Weifang"]
[Date "2019.??.??"]
[Round "8"]
[White "Ivanova, Dilyana"]
[Black "Racasa, Antonella Berthe"]
[Result "0-1"]
[WhiteElo "1673"]
[BlackElo "1380"]
[PlyCount "86"]
[EventDate "2019.08.21"]
[EventType "swiss"]
[EventRounds "11"]
[EventCountry "CHN"]
[SourceTitle "EXT 2020"]
[Source "ChessBase"]
[SourceDate "2019.10.17"]
[SourceVersion "1"]
[SourceVersionDate "2019.10.17"]
[SourceQuality "1"]

1. e4 g6 2. d4 Bg7 3. Nf3 c5 4. dxc5 Qa5+ 5. c3 Qxc5 6. Na3 Nf6 7. Be3 Qa5 8. Nb5 Nc6 9. Bc4 0-0 10. Bf4 d6 11. 0-0 Nxe4 12. Re1 Nf6 13. Qb3 Bd7 14. Ng5 Be8 15. Qc2 a6 16. b4 Qd8 17. Nd4 Nxd4 18. cxd4 Nh5 19. Be3 d5 20. Bb3 Rc8 21. Qd2 Bb5 22. Rac1 Qd6 23. Rc5 e6 24. Rec1 Rxc5 25. Rxc5 b6 26. Rc2 Rd8 27. a3 e5 28. g4 exd4 29. Bxd4 Bxd4 30. Qxd4 Nf6 31. a4 Bd7 32. h3 Re8 33. Rc3 h6 34. Nf3 Re4 35. Qd2 Kg7 36. Rd3 Qxb4 37. Bxd5 Nxd5 38. Rxd5 Qxd2 39. Nxd2 Re1+ 40. Kh2 Bxa4 41. Nc4 Bb3 42. Rd4 Bxc4 43. Rxc4 a5 0-1

[Event "Wch U12 Girls"]
[Site "Weifang"]
[Date "2019.??.??"]
[Round "9"]
[White "Racasa, Antonella Berthe"]
[Black "Nguyen, Ha Khanh Linh"]
[Result "1-0"]
[WhiteElo "1380"]
[BlackElo "1500"]
[PlyCount "103"]
[EventDate "2019.08.21"]
[EventType "swiss"]
[EventRounds "11"]
[EventCountry "CHN"]
[SourceTitle "EXT 2020"]
[Source "ChessBase"]
[SourceDate "2019.10.17"]
[SourceVersion "1"]
[SourceVersionDate "2019.10.17"]
[SourceQuality "1"]

1. d4 d6 2. Bf4 g6 3. e3 Bg7 4. Nf3 Nf6 5. h3 c6 6. Nbd2 0-0 7. Be2 Nbd7 8. 0-0 a6 9. a4 b6 10. c3 Bb7 11. Bh2 c5 12. b4 Ne4 13. Nxe4 Bxe4 14. Nd2 Bb7 15. Bf3 Qc7 16. Qb3 Bxf3 17. Nxf3 cxb4 18. cxb4 Rac8 19. Qd3 Qc4 20. Qd2 Qc2 21. Rfc1 Qxd2 22. Nxd2 d5 23. Kf1 e5 24. Nf3 exd4 25. exd4 Rc4 26. Rxc4 dxc4 27. b5 a5 28. Rc1 Rc8 29. Ke2 f6 30. Rc3 Bf8 31. Nd2 Re8+ 32. Kd1 Bb4 33. Rxc4 Rd8 34. Bf4 Kf7 35. Kc2 g5 36. Be3 h6 37. f4 Re8 38. Kd3 Rd8 39. Ke2 Re8 40. Kf3 Ke6 41. fxg5 fxg5 42. Rc6+ Kd5 43. Rxh6 g4+ 44. hxg4 Rf8+ 45. Ke2 Nf6 46. Rg6 Bxd2 47. Kxd2 Kc4 48. g5 Ne4+ 49. Kc2 Rb8 50. Re6 Ng3 51. Bf4 Rc8 52. Bxg3 1-0

[Event "Wch U12 Girls"]
[Site "Weifang"]
[Date "2019.??.??"]
[Round "11"]
[White "Racasa, Antonella Berthe"]
[Black "Shvedova, Alexandra"]
[Result "0-1"]
[WhiteElo "1380"]
[BlackElo "1932"]
[PlyCount "64"]
[EventDate "2019.08.21"]
[EventType "swiss"]
[EventRounds "11"]
[EventCountry "CHN"]
[SourceTitle "EXT 2020"]
[Source "ChessBase"]
[SourceDate "2019.10.17"]
[SourceVersion "1"]
[SourceVersionDate "2019.10.17"]
[SourceQuality "1"]

1. d4 d5 2. Bf4 Nf6 3. e3 c5 4. c3 Nc6 5. Nd2 Bf5 6. Ngf3 e6 7. Be2 c4 8. 0-0 Be7 9. h3 0-0 10. Qc1 b5 11. Bd1 Nd7 12. Re1 Nb6 13. e4 Bg6 14. Bc2 Bd6 15. Bxd6 Qxd6 16. exd5 exd5 17. Bxg6 Qxg6 18. Qb1 b4 19. Qxg6 hxg6 20. Ne5 Nxe5 21. Rxe5 bxc3 22. bxc3 f6 23. Re7 Na4 24. Rb1 Rfb8 25. Rxb8+ Rxb8 26. Rxa7 Nxc3 27. Kh2 Rb2 28. Ra8+ Kh7 29. Nf3 Nxa2 30. Ra5 c3 31. Rxd5 c2 32. Rc5 c1Q 0-1

[Event "Wch U12 Girls"]
[Site "Weifang"]
[Date "2019.??.??"]
[Round "10"]
[White "Yan, Rui Yang"]
[Black "Racasa, Antonella Berthe"]
[Result "1-0"]
[WhiteElo "1983"]
[BlackElo "1380"]
[PlyCount "89"]
[EventDate "2019.08.21"]
[EventType "swiss"]
[EventRounds "11"]
[EventCountry "CHN"]
[SourceTitle "EXT 2020"]
[Source "ChessBase"]
[SourceDate "2019.10.17"]
[SourceVersion "1"]
[SourceVersionDate "2019.10.17"]
[SourceQuality "1"]

1. e4 g6 2. d4 Bg7 3. Nf3 c5 4. dxc5 Qa5+ 5. c3 Qxc5 6. Na3 Nf6 7. e5 Ng4 8. Qd4 Qxd4 9. cxd4 0-0 10. h3 Nh6 11. Bg5 f6 12. exf6 exf6 13. Bc4+ Kh8 14. Bf4 a6 15. 0-0 Nc6 16. Bd6 Rd8 17. Rfe1 b5 18. d5 bxc4 19. dxc6 dxc6 20. Nxc4 Ra7 21. Nd4 Bd7 22. Bc5 Rb7 23. Rad1 Rbb8 24. Bd6 Rb7 25. b3 Nf5 26. Nxf5 Bxf5 27. Na5 Rf7 28. Nxc6 Ra8 29. Ne7 Bc8 30. Rc1 Bf5 31. g4 Bd7 32. Rc7 Be8 33. Nd5 Kg8 34. Ne7+ Kh8 35. Nxg6+ hxg6 36. Rxe8+ Rxe8 37. Rxf7 Re2 38. a4 Rd2 39. Bc5 Rd3 40. b4 Rb3 41. Ra7 Rxh3 42. Rxa6 Rc3 43. a5 Rc4 44. Ra8+ Kh7 45. a6 1-0